<?xml version="1.0" encoding="UTF-8"?><?xml-stylesheet type="text/xsl" href="static/style.xsl"?><OAI-PMH xmlns="http://www.openarchives.org/OAI/2.0/" xmlns:xsi="http://www.w3.org/2001/XMLSchema-instance" xsi:schemaLocation="http://www.openarchives.org/OAI/2.0/ http://www.openarchives.org/OAI/2.0/OAI-PMH.xsd"><responseDate>2026-04-13T14:54:36Z</responseDate><request verb="GetRecord" identifier="oai:www.recercat.cat:10256/26626" metadataPrefix="marc">https://recercat.cat/oai/request</request><GetRecord><record><header><identifier>oai:recercat.cat:10256/26626</identifier><datestamp>2025-03-25T05:21:34Z</datestamp><setSpec>com_2072_452955</setSpec><setSpec>com_2072_2054</setSpec><setSpec>col_2072_452961</setSpec></header><metadata><record xmlns="http://www.loc.gov/MARC21/slim" xmlns:dcterms="http://purl.org/dc/terms/" xmlns:xsi="http://www.w3.org/2001/XMLSchema-instance" xmlns:doc="http://www.lyncode.com/xoai" xsi:schemaLocation="http://www.loc.gov/MARC21/slim http://www.loc.gov/standards/marcxml/schema/MARC21slim.xsd">
   <leader>00925njm 22002777a 4500</leader>
   <datafield ind2=" " ind1=" " tag="042">
      <subfield code="a">dc</subfield>
   </datafield>
   <datafield ind2=" " ind1=" " tag="720">
      <subfield code="a">Iranzo i Domingo, Montserrat</subfield>
      <subfield code="e">author</subfield>
   </datafield>
   <datafield ind2=" " ind1=" " tag="720">
      <subfield code="a">Moura Fernandes, Margarida</subfield>
      <subfield code="e">author</subfield>
   </datafield>
   <datafield ind2=" " ind1=" " tag="260">
      <subfield code="c">2023-12-29</subfield>
   </datafield>
   <datafield ind2=" " ind1=" " tag="520">
      <subfield code="a">Based on a critical reflection using conceptual analysis methods and drawing from the lecture “L'Anàlisi de Concepte, segons Walker &amp; Avant” given as part of a research seminar of the Research Group in Education, Heritage and Intermedia Arts (GREPAI) in November 2023, this method of narrative analysis aims to adopt an exploratory approach to the literature on dance. It was used to analyse the concept of social dance, which is the key part of the researcher’s study, developed within the framework of the interuniversity doctoral programme in Art and Education at the University of Girona. It concludes that concept analysis is a method of practical application that contributes to deepening, innovating, and generating knowledge of dance</subfield>
   </datafield>
   <datafield ind2=" " ind1=" " tag="520">
      <subfield code="a">Partindo de uma reflexão crítica através da metodologia de análise conceptual e na sequência da conferência “L'Anàlisi de Concepte, segons Walker &amp; Avant” realizada no âmbito do Seminário de Investigação do Grupo de Investigação em Educação, Património e Artes Intermédias GREPAI em Novembro 2023, este método de análise narrativa é apresentado com o objetivo de expor uma abordagem exploratória da literatura em torno da dança. Este método foi aplicado para analisar o conceito de Dança Social. A Dança Social é a peça-chave do estudo da investigadora que está a ser desenvolvido no âmbito do Doutoramento Interuniversitário em Arte e Educação da Universidade de Girona. Conclui-se que a análise de conceito é um método de aplicação prática que contribui para aprofundar, inovar e gerar conhecimento em torno da dança</subfield>
   </datafield>
   <datafield ind2=" " ind1=" " tag="520">
      <subfield code="a">Funding: This research has received support from the Joan Oró grant programme of the Ministry of Research and Universities of the Government of Catalonia. Reference&#xd;
number 2021 FI_B 00006</subfield>
   </datafield>
   <datafield ind1="8" ind2=" " tag="024">
      <subfield code="a">http://hdl.handle.net/10256/26626</subfield>
   </datafield>
   <datafield tag="653" ind2=" " ind1=" ">
      <subfield code="a">Dansa</subfield>
   </datafield>
   <datafield tag="653" ind2=" " ind1=" ">
      <subfield code="a">Dance</subfield>
   </datafield>
   <datafield tag="653" ind2=" " ind1=" ">
      <subfield code="a">Art i dansa</subfield>
   </datafield>
   <datafield tag="653" ind2=" " ind1=" ">
      <subfield code="a">Art and dance</subfield>
   </datafield>
   <datafield tag="653" ind2=" " ind1=" ">
      <subfield code="a">Teràpia del moviment</subfield>
   </datafield>
   <datafield tag="653" ind2=" " ind1=" ">
      <subfield code="a">Movement therapy</subfield>
   </datafield>
   <datafield ind2="0" ind1="0" tag="245">
      <subfield code="a">Analysing a concept as a research practice: concept analysis, according to Walker and Avant using social dance as an example = Analisando um conceito como prática de pesquisa: Análise de conceito, de acordo com Walker e Avant, usando a dança social como exemplo</subfield>
   </datafield>
</record></metadata></record></GetRecord></OAI-PMH>